| 000 | 00671nam a22002297a 4500 | ||
|---|---|---|---|
| 003 | UA-OsUOA | ||
| 001 | 130189 | ||
| 007 | ta | ||
| 008 | 20180412b un ||||| |||| 00| 0 ukr d | ||
| 090 |
_a821.161.2(477.75)(082) _bК82 |
||
| 942 | _cBK | ||
| 040 |
_aUA-OsUOA _bukr _cUA-OsUOA _dUA-OsUOA |
||
| 245 |
_aКрим, який ми любимо _bантологія _cЛ. Б. Тарнашинська |
||
| 300 | _a600 с. | ||
| 955 | _a3 | ||
| 041 | _aukr | ||
| 080 | _a821.161.2(477.75)(082) | ||
| 020 | _a978-617-615-064-0 | ||
| 260 |
_aК. _bПульсари _c2016 |
||
| 650 | 7 |
_a82 Література. Літературознавство _2UDC |
|
| 999 |
_c418040 _d418040 |
||